00000000nam 2200000zi 4500
0019.954687
003CaOODSP
00520250902120633
006m     o  d f      
007cr cn|||||||||
008250902e20241021onc     ob   f000 0 eng d
040 |aCaOODSP|beng|erda|cCaOODSP
043 |an-cn---
0861 |aRv55-8/8-1-1-2024E-PDF
24500|aAdministration of Temporary Importation (Tariff Item No. 9993.00.00) Regulations.
250 |a[October 21, 2024 edition].
264 1|aOttawa : |bCanada Border Services Agency = Agence des services frontaliers du Canada, |cOctober 21, 2024.
300 |a1 online resource (48 unnumbered pages).
336 |atext|btxt|2rdacontent
337 |acomputer|bc|2rdamedia
338 |aonline resource|bcr|2rdacarrier
4901 |aMemorandum ; |vD8-1-1
500 |aCaption title.
500 |aIssued also in French under title: Application du Règlement sur l'importation temporaire de marchandises (numéro tarifaire 9993.00.00).
500 |a"Superseded Memorandum D, D8-1-1."
504 |aIncludes bibliographical references.
520 |a"This memorandum outlines the conditions under which goods may qualify for duty-free entry under tariff item No. 9993.00.00 of the Schedule to the Customs Tariff. It also identifies those circumstances where temporarily imported goods are entitled to full or partial relief of the goods and services tax/harmonized sales tax (GST/HST)"--Page [1].
650 0|aDuty-free importation|xLaw and legislation|zCanada.
650 0|aTax exemption|xLaw and legislation|zCanada.
7102 |aCanada Border Services Agency, |eissuing body.
77508|tApplication du Règlement sur l'importation temporaire de marchandises (numéro tarifaire 9993.00.00).|w(CaOODSP)9.954688
795 |tAdministration of Temporary Importation (Tariff Item No. 9993.00.00) Regulations.|b[June 1, 2020 edition]|w(CaOODSP)9.889146
830#0|aMemorandum (Canada Border Services Agency)|vD8-1-1.|w(CaOODSP)9.816825
85640|qPDF|s764 KB|uhttps://publications.gc.ca/collections/collection_2025/asfc-cbsa/Rv55-8-8-1-1-2024-eng.pdf